000
00285nam a2200121Ia 4500
005
20251222140101.0
008
251222s1900||||xx |||||||||||||| ||spa||
082
_a
217.3/C93
100
_a
Cuadro Moreno, Osvaldo
245
0
_a
Luces y Sombras del Alma
264
_b
llOMINI
942
_c
LIB
999
_c
3917
_d
3917